Normal view
MARC view
- ESPOSITO,L.JOHN
Entry Personal Name
001 - CONTROL NUMBER
- control field: 131964
003 - CONTROL NUMBER IDENTIFIER
- control field: NUST
005 - DATE AND TIME OF LATEST TRANSACTION
- control field: 20251120104105.0
008 - FIXED-LENGTH DATA ELEMENTS
- fixed length control field: 251120|| aca||aabn | a|a d
040 ## - CATALOGING SOURCE
- Original cataloging agency: NUST
- Transcribing agency: NUST
100 ## - HEADING--PERSONAL NAME
- Personal name: ESPOSITO,L.JOHN
670 ## - SOURCE DATA FOUND
- Source citation: Work cat.: (NUST): ESPOSITO,L.JOHN., ISLAMIC THREAT MYTH OR REALITY /, 1999.
